States of Austria (Bundesländer Österreich) - Statistics

General Stats
  • This quiz has been taken 96 times
  • The average score is 7 of 9
Answer Stats
Answer % Correct
Vienna
91%
Salzburg
86%
Vorarlberg
78%
Burgenland
75%
Tyrol
75%
Lower Austria
71%
Upper Austria
70%
Styria
62%
Carinthia
58%
No matching quizzes found
Score Distribution
Percent of People with Each Score
Percentile by Number Answered
Your Score History
You have not taken this quiz